| Tag |
First Indicator |
Second Indicator |
Subfields |
| LEADER |
00000cam a2200000 a 4500 |
| 001 |
in00000415313 |
| 005 |
20151012063910.0 |
| 008 |
841025s1985 mnua bc 00000 eng |
| 010 |
|
|
|a 84062391
|
| 020 |
|
|
|a 0912964243 (pbk.)
|
| 035 |
|
|
|a (OCoLC)12060230
|
| 035 |
|
|
|9 ABW0796AM
|
| 039 |
0 |
|
|a 2
|b 3
|c 3
|d 3
|e 3
|
| 040 |
|
|
|a DLC
|c DLC
|d TXA
|d UtOrBLW
|
| 043 |
|
|
|a e-ne---
|a e-be---
|a e-au---
|
| 049 |
|
|
|a TXAM
|c [A09811691]
|
| 050 |
0 |
0 |
|a ND636
|b .D88 1985
|
| 082 |
0 |
|
|a 579.9492/074/013
|2 19
|
| 245 |
0 |
0 |
|a Dutch and Flemish masters :
|b paintings from the Vienna Academy of Fine Arts.
|
| 264 |
|
1 |
|a [Minneapolis] :
|b Minneapolis Institute of Arts,
|c [1985]
|
| 264 |
|
4 |
|c ©1985
|
| 300 |
|
|
|a 107 pages :
|b illustrations (some color) ;
|c 28 cm.
|
| 336 |
|
|
|a text
|b txt
|2 rdacontent
|
| 337 |
|
|
|a unmediated
|b n
|2 rdamedia
|
| 338 |
|
|
|a volume
|b nc
|2 rdacarrier
|
| 500 |
|
|
|a Exhibition held at the Minneapolis Institute of Arts, 3 Feb.--7 April, 1985; the Museum of Fine Arts, Houston, 14 May-21 July 1985; and the San Diego Museum of Art, 31 Aug.-13 Oct. 1985.
|
| 504 |
|
|
|a Bibliography: pages 104-106.
|
| 610 |
2 |
0 |
|a Akademie der Bildenden Künste in Wien.
|b Gemäldegalerie
|x Exhibitions.
|
| 650 |
|
0 |
|a Painting, Dutch
|y 17th century
|v Exhibitions.
|
| 650 |
|
0 |
|a Painting, Flemish
|y 17th century
|v Exhibitions.
|
| 710 |
2 |
|
|a Akademie der Bildenden Künste in Wien.
|b Gemäldegalerie.
|
| 710 |
2 |
|
|a Minneapolis Institute of Arts.
|
| 710 |
2 |
|
|a Museum of Fine Arts, Houston.
|
| 710 |
2 |
|
|a San Diego Museum of Art.
|
| 999 |
|
|
|a MARS
|
| 999 |
f |
f |
|s 27123bb6-1dda-35a5-b2cd-52c77e9815a5
|i 11f1c14a-baa5-30d9-9d4a-6fac8f8a2600
|t 0
|
| 952 |
f |
f |
|p ric
|a Texas A&M University
|b Rellis Campus
|c Joint Library Facility
|d Remote Storage
|t 0
|e ND636 .D88 1985
|h Library of Congress classification
|i unmediated -- volume
|m A14809811691
|
| 998 |
f |
f |
|a ND636 .D88 1985
|t 0
|l Remote Storage
|